| 000 | 00543nam a22001937a 4500 | ||
|---|---|---|---|
| 999 |
_c8790 _d8790 |
||
| 003 | AR-CdUCM | ||
| 008 | 190326b ||||| |||| 00| 0 spa d | ||
| 040 |
_aMUNICIPALIDAD PROVINCIAL DEL CUSCO _cBIBLIOTECA MUNICIPAL DEL CUSCO |
||
| 082 |
_a070.431 / _bV39 |
||
| 100 |
_aVelarde, Hernán _924516 |
||
| 245 | _aEl reportaje / | ||
| 260 |
_aLima : _bArica, |
||
| 300 |
_a179 páginas ; _c21 cm. |
||
| 650 |
_aReportajes y reporteros _918233 |
||
| 650 |
_aPeriodismo _91929 |
||
| 650 |
_aRedacción _91126 |
||
| 942 |
_2ddc _cLIBROS |
||
| 945 | _azta | ||